00959nam a22002657a 45000010005000000030006000050050017000110080041000280200018000690400029000870500016001160820010001321000018001422450041001602500047002012600037002483000043002854900014003285050008003425200241003505210020005915210020006116500034006316500028006656325FISKH20250422104932.0250422b cb ||||| |||| 00| 0 eng d a9780545398145 aFISKHbengcFISKHdFISKH aPZ7.P2843 L a813.6 aPaulsen, Gary aLawn boy returns /cBy Gary Paulsen  aFirst Scholastic printing , September 2011 aNew York : bScholastic ,c2010. a101 pages : billustrations ;c19 cm . aLawn Boy  aZ  aHaving expanded his summer lawn mowing job into an ever-growing business conglomerate, a twelve-year-old boy gets involved in high finance thanks to his hippie stockbroker, takes on sponsorship of a boxer, and becomes a media sensation.8 a920 bLexile 8 aZ bRaz-Plus  aHumorous storiesvNon-fiction aInvestmentvNon-fiction